Faith sharing on sundays of the year / (Record no. 170111)
[ view plain ]
| 000 -LEADER | |
|---|---|
| fixed length control field | 00593nam a22001817a 4500 |
| 005 - DATE AND TIME OF LATEST TRANSACTION | |
| control field | 20191211111244.0 |
| 010 ## - LCCN (DPL NO) | |
| LC control number | ENG-127067 |
| 020 ## - INTERNATIONAL STANDARD BOOK NUMBER | |
| Terms of availability | 195.00 |
| International Standard Book Number | 9788193374511 |
| 035 ## - SYSTEM CONTROL NUMBER | |
| System control number | EN-110599 |
| 037 ## - SOURCE OF ACQUISITION | |
| Source of stock number/acquisition | DBAD/PUB |
| 082 ## - DEWEY DECIMAL CLASSIFICATION NUMBER | |
| Classification number | 280 |
| 100 ## - MAIN ENTRY--PERSONAL NAME | |
| Personal name | Juan Jose Bartolome |
| 245 ## - TITLE STATEMENT | |
| Title | Faith sharing on sundays of the year / |
| Statement of responsibility, etc | by Juan Jose Bartolome |
| 260 ## - PUBLICATION, DISTRIBUTION, ETC. (IMPRINT) | |
| Place of publication, distribution, etc | Bengalure |
| Name of publisher, distributor, etc | Kristu Jyoti Publications |
| Date of publication, distribution, etc | 2017 |
| 270 ## - ADDRESS | |
| Address | Bosco Nagar |
| City | Krishnarajapuram, Bengaluru |
| Postal code | 560036 |
| Electronic mail address | kristujyotipub@yahoo.co.in |
| Telephone number | 09481201282 |
| 300 ## - PHYSICAL DESCRIPTION | |
| Extent | 367p. |
| Dimensions | 21cm(pbk) |
| 942 ## - ADDED ENTRY ELEMENTS (KOHA) | |
| Source of classification or shelving scheme | Dewey Decimal Classification |
| Item type | English Books |
| Classification part | 280 |
| Call number suffix | JUA |
| Withdrawn status | Lost status | Not for loan | Collection code | Home library | Current library | Date acquired | Source of acquisition | Cost, normal purchase price | Full call number | Barcode | Copy number | Cost, replacement price | Koha item type |
|---|---|---|---|---|---|---|---|---|---|---|---|---|---|
| Non-fiction | Bawana | Bawana | 11/12/2019 | DBAD/PUB | 195.00 | 280 JUA | EN-110599 | 1 | 195.00 | English Books |
